Eficiencia energética de los edificios: certificación energética (Registro nro. 11947)
[ vista simple ]
| 000 -Cabecera | |
|---|---|
| Campo de control de longitud fija | 01166nam a22003977a 4500 |
| 005 - Fecha y hora de la última transacción | |
| Campo de control | 20240424145340.0 |
| 008 - Elementos de longitud fija--Información general | |
| Campo de control de longitud fija | 190524b xxu||||| |||| 00| 0 spa d |
| 020 ## - International Standard Book Number | |
| Número Internacional Estándar del Libro (ISBN) | 9788428339940 |
| 041 ## - Idioma | |
| Código de idioma | Español |
| 082 ## - Clasificación Decimal Dewey | |
| Número de clasificación | 720.472 R456e |
| 100 ## - Entrada principal--Autor personal | |
| Nombre personal | Rey Martínez, Francisco Javier |
| 9 (RLIN) | 53740 |
| 100 ## - Entrada principal--Autor personal | |
| Nombre personal | Velasco Gómez, Eloy |
| 9 (RLIN) | 53741 |
| 100 ## - Entrada principal--Autor personal | |
| Nombre personal | Rey Hernández, Javier M. |
| 9 (RLIN) | 53742 |
| 245 ## - Título propiamente dicho | |
| Título | Eficiencia energética de los edificios: certificación energética |
| 260 ## - Pie de imprenta | |
| Lugar de publicación, distribución, etc. | España |
| 260 ## - Pie de imprenta | |
| Nombre del editor, distribuidor, etc. | Paraninfo |
| 260 ## - Pie de imprenta | |
| Fecha de publicación, distribución, etc. | 2018 |
| 300 ## - Descripción física | |
| Extensión | 223 páginas |
| 505 ## - Nota de contenido | |
| Nota de contenido | Contiene casos de estudio de Certificación Energética |
| 650 ## - Materia general | |
| Temática (materia general) | ARQUITECTURA |
| 650 ## - Materia general | |
| Temática (materia general) | ARQUITECTURA BIOCLIMÁTICA |
| 650 ## - Materia general | |
| Temática (materia general) | MEDIO AMBIENTE |
| 650 ## - Materia general | |
| Temática (materia general) | RECURSOS ENERGÉTICOS |
| 650 ## - Materia general | |
| Temática (materia general) | ENERGÍA |
| 650 ## - Materia general | |
| Temática (materia general) | DESARROLLO SOSTENIBLE |
| 650 ## - Materia general | |
| Temática (materia general) | EDIFICIOS SOSTENIBLES |
| 650 ## - Materia general | |
| Temática (materia general) | CLIMATIZACIÓN DEL EDIFICIO |
| 650 ## - Materia general | |
| Temática (materia general) | ENERGÍAS RENOVABLES |
| 650 ## - Materia general | |
| Temática (materia general) | ILUMINACIÓN |
| 650 ## - Materia general | |
| Temática (materia general) | VENTILACIÓN |
| 650 ## - Materia general | |
| Temática (materia general) | ACUMULACIÓN TÉRMICA |
| 650 ## - Materia general | |
| Temática (materia general) | EVALUACIÓN ENERGÉTICA |
| 650 ## - Materia general | |
| Temática (materia general) | CERTIFICACIÓN ENERGÉTICA |
| 942 ## - Punto de acceso adicional KOHA | |
| Tipo de ítem KOHA | Libro |
| Fuente del sistema de clasificación o colocación | Dewey Decimal Classification |
| Signatura completa | Código de barras | Programa Académico | Tipo de ítem |
|---|---|---|---|
| 720.472 R456e | 24335 | Electrónica | Libro |